000 01750nam a22002057a 4500
008 250123b |||||||| |||| 00| 0 eng d
020 _a9789588618791
040 _aCO-JMCR
_bspa
_cCO-JMCR
_dCO-JMCR
_erda
041 1 _aspa
_heng
082 0 4 _a158.1
_bT578e
100 1 _eautor
_d1948-
_aTolle, Eckhart,
_943984
245 1 3 _aEl poder del ahora :
_bun camino hacia la realización espiritual /
_cEckhart Tolle ; traducción de Margarita Matarranz
264 _a© Bogotá :
_b© Penguin random house ;
_c© 2012
300 _a255 páginas :
_c24 cm.
520 3 _aEl poder del ahora es un libro único. Tiene la capacidad de crear una experiencia en los lectores y de cambiar su vida. Hoy ya es considerado una obra maestra. Su autor, Eckhart Tolle, se convirtió en un maestro universal, un gran espíritu con un gran mensaje: se puede alcanzar un estado de iluminación aquí y ahora. Es posible vivir libre del sufrimiento, de la ansiedad y de la neurosis. Para lograrlo sólo tenemos que comprender nuestro papel de creadores de nuestro dolor. Es nuestra propia mente la que causa nuestros problemas con su corriente constante de pensamientos, aferrándose al pasado, preocupándose por el futuro. Cometemos el error de identificarnos con ella, de pensar que eso es lo que somos, cuando de hecho somos seres mucho más grandes. Escrito en un formato de preguntas y respuestas que lo hace muy accesible, El poder del ahora es una invitación a la reflexión, que le abrirá las puertas a la plenitud espiritual y le permitirá ver la vida con nuevos ojos y empezar a disfrutar del verdadero poder del ahora.
650 1 4 _914493
650 2 4 _9735
650 2 4 _9899
999 _c30911
_d17295